[Event "Team men PL final"]
[Site "Sochi"]
[Date "2018.05.08"]
[Round "7.18"]
[White "Saveliev, Alexei"]
[Black "Oparin, Grigoriy"]
[Result "0-1"]
[BlackElo "2584"]
[WhiteElo "2354"]
[LiveChessVersion "1.4.8"]

1. e4 {[%clk 1:30:57]} c5 {[%clk 1:30:56]} 2. Nf3 {[%clk 1:31:23]} Nc6
{[%clk 1:31:23]} 3. Nc3 {[%clk 1:30:56]} e5 {[%clk 1:31:32]} 4. Bc4
{[%clk 1:31:08]} Be7 {[%clk 1:31:53]} 5. d3 {[%clk 1:30:12]} d6 {[%clk 1:32:17]}
6. O-O {[%clk 1:26:56]} Nf6 {[%clk 1:32:40]} 7. Ng5 {[%clk 1:24:42]} O-O
{[%clk 1:33:03]} 8. f4 {[%clk 1:25:08]} Bg4 {[%clk 1:33:26]} 9. Qe1
{[%clk 1:19:30]} exf4 {[%clk 1:33:50]} 10. Bxf4 {[%clk 1:18:29]} Nd4
{[%clk 1:34:14]} 11. Qf2 {[%clk 1:15:12]} h6 {[%clk 1:34:22]} 12. Nf3
{[%clk 1:14:50]} Nxf3+ {[%clk 1:34:39]} 13. gxf3 {[%clk 1:15:17]} Bh3
{[%clk 1:35:03]} 14. Rfe1 {[%clk 1:13:46]} Kh7 {[%clk 1:30:33]} 15. Bg3
{[%clk 1:11:21]} Nh5 {[%clk 1:18:55]} 16. Nd5 {[%clk 1:08:22]} f5
{[%clk 1:18:17]} 17. f4 {[%clk 0:52:57]} Bf6 {[%clk 0:50:09]} 18. c3
{[%clk 0:53:08]} g5 {[%clk 0:42:38]} 19. Qf3 {[%clk 0:34:16]} Bg4
{[%clk 0:38:19]} 20. Qg2 {[%clk 0:33:27]} Bg7 {[%clk 0:29:55]} 21. exf5
{[%clk 0:22:15]} Bxf5 {[%clk 0:28:17]} 22. Re7 {[%clk 0:19:30]} b5
{[%clk 0:06:18]} 23. Bxb5 {[%clk 0:18:13]} Rb8 {[%clk 0:06:45]} 24. Bc4
{[%clk 0:18:24]} Re8 {[%clk 0:06:04]} 25. Rae1 {[%clk 0:17:34]} Rxe7
{[%clk 0:06:30]} 26. Rxe7 {[%clk 0:10:33]} gxf4 {[%clk 0:06:26]} 27. Bxf4
{[%clk 0:10:26]} Bg6 {[%clk 0:06:40]} 28. Bg3 {[%clk 0:04:40]} Nxg3
{[%clk 0:03:39]} 29. Qxg3 {[%clk 0:04:51]} Qf8 {[%clk 0:03:16]} 30. Qxd6
{[%clk 0:02:08]} Rxb2 {[%clk 0:03:33]} 31. Nf4 {[%clk 0:01:07]} Rb6
{[%clk 0:02:13]} 32. Qc7 {[%clk 0:00:34]} Qf6 {[%clk 0:02:03]} 33. Qd8
{[%clk 0:00:37]} Qg5+ {[%clk 0:01:57]} 34. Ng2 {[%clk 0:00:37]} Rb1+
{[%clk 0:02:22]} 35. Kf2 {[%clk 0:01:04]} Rb2+ {[%clk 0:02:48]} 0-1

[Event "Team men PL final"]
[Site "Sochi"]
[Date "2018.05.08"]
[Round "7.19"]
[White "Potkin, Vladimir"]
[Black "Ponkratov, Pavel"]
[Result "1/2-1/2"]
[BlackElo "2601"]
[WhiteElo "2574"]
[LiveChessVersion "1.4.8"]

1. c4 {[%clk 1:30:57]} c5 {[%clk 1:29:39]} 2. Nf3 {[%clk 1:31:17]} Nf6
{[%clk 1:30:03]} 3. Nc3 {[%clk 1:31:39]} e6 {[%clk 1:30:30]} 4. e3
{[%clk 1:30:33]} Nc6 {[%clk 1:30:36]} 5. d4 {[%clk 1:30:50]} d5 {[%clk 1:31:03]}
6. a3 {[%clk 1:30:50]} dxc4 {[%clk 1:31:24]} 7. Bxc4 {[%clk 1:31:11]} a6
{[%clk 1:31:51]} 8. O-O {[%clk 1:30:11]} b5 {[%clk 1:32:15]} 9. Ba2
{[%clk 1:30:32]} Bb7 {[%clk 1:32:39]} 10. Qe2 {[%clk 1:30:35]} cxd4
{[%clk 1:32:59]} 11. Rd1 {[%clk 1:29:54]} b4 {[%clk 1:33:22]} 12. axb4
{[%clk 1:10:05]} Nxb4 {[%clk 1:33:48]} 13. Nxd4 {[%clk 1:05:45]} Nxa2
{[%clk 1:23:35]} 14. Rxa2 {[%clk 1:06:03]} Qc7 {[%clk 1:23:57]} 15. e4
{[%clk 0:55:25]} Bd6 {[%clk 1:21:56]} 16. Nf3 {[%clk 0:53:38]} Be7
{[%clk 1:07:38]} 17. Ra4 {[%clk 0:45:30]} Rc8 {[%clk 0:57:45]} 18. e5
{[%clk 0:20:29]} Nd5 {[%clk 0:45:11]} 19. Rg4 {[%clk 0:16:45]} Nxc3
{[%clk 0:24:13]} 20. bxc3 {[%clk 0:17:13]} Qxc3 {[%clk 0:23:41]} 21. Be3
{[%clk 0:17:31]} g6 {[%clk 0:18:19]} 22. Bh6 {[%clk 0:17:04]} Bf8
{[%clk 0:16:47]} 23. Bg5 {[%clk 0:15:41]} Be7 {[%clk 0:15:59]} 24. Bh6
{[%clk 0:14:42]} Qc2 {[%clk 0:12:11]} 25. Qe1 {[%clk 0:07:10]} Qc3
{[%clk 0:06:44]} 26. Qe2 {[%clk 0:07:33]} Bf8 {[%clk 0:03:59]} 27. Bg5
{[%clk 0:07:57]} Be7 {[%clk 0:04:26]} 1/2-1/2

[Event "Team men PL final"]
[Site "Sochi"]
[Date "2018.05.08"]
[Round "7.20"]
[White "Bezgodov, Alexei"]
[Black "Paravyan, David"]
[Result "0-1"]
[BlackElo "2620"]
[WhiteElo "2460"]
[LiveChessVersion "1.4.8"]

1. e4 {[%clk 1:30:57]} c5 {[%clk 1:30:55]} 2. Nf3 {[%clk 1:31:16]} d6
{[%clk 1:31:21]} 3. d4 {[%clk 1:31:28]} cxd4 {[%clk 1:31:47]} 4. Nxd4
{[%clk 1:31:54]} Nf6 {[%clk 1:32:14]} 5. Nc3 {[%clk 1:32:10]} a6 {[%clk 1:32:39]}
6. Bg5 {[%clk 1:32:09]} e6 {[%clk 1:33:05]} 7. f4 {[%clk 1:32:32]} h6
{[%clk 1:33:12]} 8. Bh4 {[%clk 1:32:42]} Qb6 {[%clk 1:33:37]} 9. Qd2
{[%clk 1:31:45]} Qxb2 {[%clk 1:34:01]} 10. Rb1 {[%clk 1:32:09]} Qa3
{[%clk 1:34:28]} 11. e5 {[%clk 1:28:51]} dxe5 {[%clk 1:34:46]} 12. fxe5
{[%clk 1:29:17]} g5 {[%clk 1:35:14]} 13. exf6 {[%clk 1:16:46]} gxh4
{[%clk 1:35:37]} 14. Be2 {[%clk 1:17:02]} e5 {[%clk 1:36:03]} 15. Nb3
{[%clk 1:12:52]} Be6 {[%clk 1:34:47]} 16. Bf3 {[%clk 1:02:51]} Nc6
{[%clk 1:32:21]} 17. O-O {[%clk 0:56:53]} Rd8 {[%clk 1:31:23]} 18. Nd5
{[%clk 0:51:21]} Bxd5 {[%clk 1:31:14]} 19. Bxd5 {[%clk 0:47:16]} Nb4
{[%clk 1:31:39]} 20. c4 {[%clk 0:47:09]} Nxd5 {[%clk 1:29:15]} 21. cxd5
{[%clk 0:46:03]} Qb4 {[%clk 1:01:35]} 22. Qe3 {[%clk 0:35:16]} Bd6
{[%clk 1:01:17]} 23. Kh1 {[%clk 0:32:31]} Rg8 {[%clk 1:00:19]} 24. Nd2
{[%clk 0:21:32]} Qg4 {[%clk 0:55:36]} 25. Rf2 {[%clk 0:20:31]} Qd4
{[%clk 0:55:22]} 26. Qf3 {[%clk 0:14:05]} Rg4 {[%clk 0:50:38]} 27. Re1
{[%clk 0:07:14]} Kf8 {[%clk 0:48:01]} 28. Qe2 {[%clk 0:03:25]} Bc5
{[%clk 0:44:37]} 29. Rf5 {[%clk 0:02:23]} h3 {[%clk 0:42:37]} 30. Nf3
{[%clk 0:01:24]} hxg2+ {[%clk 0:42:55]} 31. Qxg2 {[%clk 0:01:53]} Rxg2
{[%clk 0:43:07]} 32. Nxd4 {[%clk 0:02:20]} Rxa2 {[%clk 0:43:20]} 33. Nf3
{[%clk 0:02:47]} Rf2 {[%clk 0:37:23]} 34. Rexe5 {[%clk 0:03:03]} Re8
{[%clk 0:37:49]} 0-1

[Event "Team men PL final"]
[Site "Sochi"]
[Date "2018.05.08"]
[Round "7.21"]
[White "Stupak, Kirill"]
[Black "Drygalov, Andrey"]
[Result "1/2-1/2"]
[BlackElo "2431"]
[WhiteElo "2556"]
[LiveChessVersion "1.4.8"]

1. d4 {[%clk 1:30:57]} Nf6 {[%clk 1:30:50]} 2. c4 {[%clk 1:31:25]} e6
{[%clk 1:31:15]} 3. g3 {[%clk 1:31:51]} Bb4+ {[%clk 1:31:42]} 4. Nc3
{[%clk 1:32:16]} O-O {[%clk 1:31:59]} 5. Bg2 {[%clk 1:32:41]} d5 {[%clk 1:32:26]}
6. a3 {[%clk 1:32:52]} Bxc3+ {[%clk 1:32:48]} 7. bxc3 {[%clk 1:33:20]} dxc4
{[%clk 1:33:13]} 8. Qa4 {[%clk 1:33:46]} Bd7 {[%clk 1:33:32]} 9. Qxc4
{[%clk 1:34:12]} Bc6 {[%clk 1:33:56]} 10. f3 {[%clk 1:34:39]} Nbd7
{[%clk 1:32:13]} 11. a4 {[%clk 1:34:20]} a5 {[%clk 1:27:02]} 12. e4
{[%clk 1:27:56]} Nb6 {[%clk 1:25:27]} 13. Qd3 {[%clk 1:23:23]} Nxa4
{[%clk 1:10:59]} 14. c4 {[%clk 1:21:51]} e5 {[%clk 1:02:56]} 15. d5
{[%clk 1:21:26]} Bd7 {[%clk 1:02:08]} 16. Qc2 {[%clk 1:18:22]} Nc5
{[%clk 0:58:53]} 17. Ba3 {[%clk 1:17:56]} b6 {[%clk 0:53:14]} 18. Ne2
{[%clk 1:16:20]} c6 {[%clk 0:46:36]} 19. Bxc5 {[%clk 1:11:53]} bxc5
{[%clk 0:46:18]} 20. O-O {[%clk 1:12:16]} cxd5 {[%clk 0:41:54]} 21. cxd5
{[%clk 1:12:25]} Bb5 {[%clk 0:41:05]} 22. Rfc1 {[%clk 1:11:33]} Ne8
{[%clk 0:26:37]} 23. Bf1 {[%clk 1:06:08]} Nd6 {[%clk 0:20:09]} 24. Qxc5
{[%clk 1:05:16]} f5 {[%clk 0:17:49]} 25. Qe3 {[%clk 1:00:00]} fxe4
{[%clk 0:16:04]} 26. fxe4 {[%clk 1:00:03]} Nc4 {[%clk 0:11:51]} 27. Qc5
{[%clk 0:59:56]} Nd6 {[%clk 0:12:15]} 28. Qe3 {[%clk 0:55:49]} Nc4
{[%clk 0:12:15]} 29. Qc5 {[%clk 0:56:05]} Nd6 {[%clk 0:12:39]} 30. Qe3
{[%clk 0:55:23]} 1/2-1/2

[Event "Team men PL final"]
[Site "Sochi"]
[Date "2018.05.08"]
[Round "7.22"]
[White "Drygalov, Sergey"]
[Black "Yuffa, Daniil"]
[Result "0-1"]
[BlackElo "2566"]
[WhiteElo "2418"]
[LiveChessVersion "1.4.8"]

1. d4 {[%clk 1:30:58]} Nf6 {[%clk 1:30:38]} 2. Nf3 {[%clk 1:30:54]} g6
{[%clk 1:30:35]} 3. c4 {[%clk 1:31:19]} Bg7 {[%clk 1:31:03]} 4. g3
{[%clk 1:31:46]} O-O {[%clk 1:31:25]} 5. Bg2 {[%clk 1:32:13]} c5 {[%clk 1:31:42]}
6. Nc3 {[%clk 1:32:38]} cxd4 {[%clk 1:31:42]} 7. Nxd4 {[%clk 1:33:04]} Nc6
{[%clk 1:32:08]} 8. O-O {[%clk 1:33:29]} Qa5 {[%clk 1:32:35]} 9. e3
{[%clk 1:33:55]} d6 {[%clk 1:31:13]} 10. Qe2 {[%clk 1:28:33]} Bg4
{[%clk 1:30:14]} 11. f3 {[%clk 1:24:09]} Bd7 {[%clk 1:27:37]} 12. Nc2
{[%clk 0:59:22]} Be6 {[%clk 0:52:40]} 13. Bd2 {[%clk 0:55:17]} Qc5
{[%clk 0:46:34]} 14. b3 {[%clk 0:53:57]} d5 {[%clk 0:46:02]} 15. Na4
{[%clk 0:51:31]} Qd6 {[%clk 0:44:57]} 16. c5 {[%clk 0:51:48]} Qc7
{[%clk 0:42:33]} 17. Nd4 {[%clk 0:42:26]} Bd7 {[%clk 0:41:40]} 18. Rac1
{[%clk 0:35:20]} Rad8 {[%clk 0:30:48]} 19. Nc3 {[%clk 0:24:26]} a6
{[%clk 0:30:31]} 20. Rfd1 {[%clk 0:17:50]} Rfe8 {[%clk 0:30:13]} 21. a4
{[%clk 0:15:50]} Nxd4 {[%clk 0:20:55]} 22. exd4 {[%clk 0:16:10]} e5
{[%clk 0:21:24]} 23. dxe5 {[%clk 0:15:27]} Rxe5 {[%clk 0:20:24]} 24. Bf4
{[%clk 0:08:22]} Qxc5+ {[%clk 0:20:22]} 25. Qf2 {[%clk 0:08:49]} Qxf2+ 26. Kxf2
{[%clk 0:09:17]} Ree8 {[%clk 0:08:11]} 27. Nxd5 {[%clk 0:05:19]} Nxd5
{[%clk 0:08:28]} 28. Rxd5 {[%clk 0:05:46]} Be6 {[%clk 0:08:49]} 29. Rxd8
{[%clk 0:05:48]} Rxd8 {[%clk 0:09:16]} 30. Rc7 {[%clk 0:03:18]} Bd4+
{[%clk 0:09:24]} 31. Be3 {[%clk 0:03:07]} Bxb3 {[%clk 0:09:03]} 32. a5
{[%clk 0:01:57]} Bxe3+ {[%clk 0:07:23]} 33. Kxe3 {[%clk 0:02:26]} Bd5
{[%clk 0:07:40]} 34. Bh3 {[%clk 0:01:32]} Re8+ {[%clk 0:07:24]} 35. Kf2
{[%clk 0:01:33]} Kf8 {[%clk 0:06:33]} 36. f4 {[%clk 0:00:37]} Re7
{[%clk 0:06:14]} 37. Rxe7 {[%clk 0:00:38]} Kxe7 {[%clk 0:06:42]} 38. Ke3
{[%clk 0:01:04]} Kd6 {[%clk 0:06:41]} 39. Kd4 {[%clk 0:01:33]} f6
{[%clk 0:06:30]} 40. Bf1 {[%clk 0:31:33]} Kc6 {[%clk 0:36:01]} 41. h4
{[%clk 0:29:00]} Bf3 {[%clk 0:33:20]} 42. Ke3 {[%clk 0:22:06]} Bg4
{[%clk 0:31:35]} 43. Kd4 {[%clk 0:16:09]} b6 {[%clk 0:31:00]} 44. axb6
{[%clk 0:15:59]} Kxb6 {[%clk 0:31:09]} 45. Bc4 {[%clk 0:16:23]} a5
{[%clk 0:30:14]} 46. Bg8 {[%clk 0:16:28]} h6 {[%clk 0:26:35]} 47. Bf7
{[%clk 0:16:24]} Kb5 {[%clk 0:25:35]} 48. Bxg6 {[%clk 0:09:45]} Kb4
{[%clk 0:25:56]} 49. Bf7 {[%clk 0:09:25]} a4 {[%clk 0:25:34]} 50. Kd3
{[%clk 0:09:42]} a3 {[%clk 0:21:59]} 51. Kd2 {[%clk 0:09:33]} Bf3
{[%clk 0:19:53]} 52. Be6 {[%clk 0:09:01]} Bg4 {[%clk 0:13:13]} 53. Bf7
{[%clk 0:09:18]} Bd7 {[%clk 0:13:11]} 54. Ba2 {[%clk 0:07:42]} h5
{[%clk 0:11:08]} 55. Bf7 {[%clk 0:06:27]} Be8 {[%clk 0:10:06]} 56. Be6
{[%clk 0:03:37]} Bd7 {[%clk 0:04:19]} 57. Bf7 {[%clk 0:03:44]} Ba4
{[%clk 0:03:40]} 58. Kc1 {[%clk 0:01:52]} Kc3 {[%clk 0:04:06]} 59. Kb1
{[%clk 0:02:15]} Bd1 {[%clk 0:04:26]} 60. Be6 {[%clk 0:01:22]} Kd4
{[%clk 0:03:01]} 61. Ka2 {[%clk 0:01:37]} Ke3 {[%clk 0:03:19]} 62. g4
{[%clk 0:01:30]} hxg4 {[%clk 0:03:03]} 63. h5 {[%clk 0:01:34]} Kxf4
{[%clk 0:02:58]} 64. h6 {[%clk 0:01:17]} Bc2 {[%clk 0:03:21]} 65. Kxa3
{[%clk 0:00:54]} Kg5 {[%clk 0:03:10]} 66. Kb2 {[%clk 0:01:12]} Bh7
{[%clk 0:03:29]} 67. Kc3 {[%clk 0:01:33]} f5 {[%clk 0:03:43]} 68. Kd4
{[%clk 0:01:47]} Kxh6 {[%clk 0:04:08]} 0-1

[Event "Team men PL final"]
[Site "Sochi"]
[Date "2018.05.08"]
[Round "7.23"]
[White "Lomasov, Semen"]
[Black "Frolov, Ivan"]
[Result "0-1"]
[BlackElo "2243"]
[WhiteElo "2559"]
[LiveChessVersion "1.4.8"]

1. d4 {[%clk 1:30:57]} Nf6 {[%clk 1:30:52]} 2. c4 {[%clk 1:31:22]} e6
{[%clk 1:31:18]} 3. g3 {[%clk 1:31:48]} Bb4+ {[%clk 1:31:42]} 4. Bd2
{[%clk 1:31:54]} Bxd2+ {[%clk 1:31:59]} 5. Qxd2 {[%clk 1:29:07]} d5
{[%clk 1:32:22]} 6. Bg2 {[%clk 1:29:27]} O-O {[%clk 1:32:41]} 7. Nf3
{[%clk 1:29:25]} c6 {[%clk 1:33:05]} 8. O-O {[%clk 1:24:41]} dxc4
{[%clk 1:29:57]} 9. a4 {[%clk 1:22:12]} b5 {[%clk 1:14:17]} 10. axb5
{[%clk 1:09:56]} cxb5 {[%clk 1:10:35]} 11. Nc3 {[%clk 1:09:58]} Qb6
{[%clk 1:08:28]} 12. Qg5 {[%clk 0:53:08]} Nd5 {[%clk 0:47:55]} 13. Nxd5
{[%clk 0:39:58]} exd5 {[%clk 0:48:21]} 14. Nh4 {[%clk 0:39:53]} a5
{[%clk 0:45:39]} 15. Bxd5 {[%clk 0:35:57]} Ra7 {[%clk 0:40:38]} 16. Rfd1
{[%clk 0:36:13]} a4 {[%clk 0:39:07]} 17. Nf5 {[%clk 0:34:16]} Bxf5
{[%clk 0:35:32]} 18. Qxf5 {[%clk 0:34:44]} Nd7 {[%clk 0:32:05]} 19. Qf3
{[%clk 0:32:54]} g6 {[%clk 0:28:18]} 20. h4 {[%clk 0:32:06]} h5 {[%clk 0:28:33]}
21. e3 {[%clk 0:23:21]} Kg7 {[%clk 0:27:37]} 22. Kg2 {[%clk 0:23:41]} Qd6
{[%clk 0:26:57]} 23. Bc6 {[%clk 0:12:05]} Rb8 {[%clk 0:26:37]} 24. Bxd7
{[%clk 0:12:10]} Qxd7 {[%clk 0:26:24]} 25. Qe2 {[%clk 0:12:13]} Qd5+
{[%clk 0:22:05]} 26. e4 {[%clk 0:11:24]} Re8 {[%clk 0:18:23]} 27. f3
{[%clk 0:10:23]} f5 {[%clk 0:18:50]} 28. Re1 {[%clk 0:09:27]} fxe4
{[%clk 0:18:21]} 29. fxe4 {[%clk 0:09:49]} Rae7 {[%clk 0:17:27]} 30. exd5
{[%clk 0:08:20]} Rxe2+ {[%clk 0:17:51]} 31. Rxe2 {[%clk 0:08:48]} Rxe2+
{[%clk 0:18:16]} 32. Kf3 {[%clk 0:09:15]} Rd2 {[%clk 0:08:05]} 33. Ke3
{[%clk 0:09:36]} Rd3+ {[%clk 0:08:30]} 34. Ke4 {[%clk 0:10:00]} Kf6
{[%clk 0:08:58]} 35. Rf1+ {[%clk 0:08:04]} Ke7 {[%clk 0:09:20]} 36. d6+
{[%clk 0:06:02]} Kxd6 {[%clk 0:06:00]} 37. Rf6+ {[%clk 0:06:26]} Ke7
{[%clk 0:06:28]} 38. Rb6 {[%clk 0:02:22]} Rb3 {[%clk 0:06:26]} 39. Ke5
{[%clk 0:02:47]} Rxb2 {[%clk 0:06:03]} 40. Rb7+ {[%clk 0:33:09]} Ke8
{[%clk 0:35:21]} 41. d5 {[%clk 0:26:54]} a3 {[%clk 0:34:43]} 42. d6
{[%clk 0:10:57]} a2 {[%clk 0:34:07]} 43. Ra7 {[%clk 0:11:12]} b4 {[%clk 0:32:38]}
44. Kd5 {[%clk 0:10:33]} c3 {[%clk 0:30:03]} 45. Ra5 {[%clk 0:04:17]} Rd2+
{[%clk 0:28:57]} 0-1

[Event "Team men PL final"]
[Site "Sochi"]
[Date "2018.05.08"]
[Round "7.24"]
[White "Yumakhuzhin, Vadim"]
[Black "Golubov, Saveliy"]
[Result "1-0"]
[BlackElo "2491"]
[WhiteElo "2184"]
[LiveChessVersion "1.4.8"]

1. d4 {[%clk 1:30:58]} Nf6 {[%clk 1:28:56]} 2. Bf4 {[%clk 1:31:22]} d5
{[%clk 1:27:07]} 3. e3 {[%clk 1:31:45]} c5 {[%clk 1:27:19]} 4. c3
{[%clk 1:32:09]} Nc6 {[%clk 1:27:33]} 5. Nf3 {[%clk 1:32:30]} e6 {[%clk 1:22:43]}
6. Nbd2 {[%clk 1:32:13]} cxd4 {[%clk 1:21:45]} 7. exd4 {[%clk 1:32:29]} Nh5
{[%clk 1:22:01]} 8. Be3 {[%clk 1:30:27]} Bd6 {[%clk 1:11:30]} 9. Ne5
{[%clk 1:29:43]} g6 {[%clk 1:10:17]} 10. g4 {[%clk 1:22:42]} Ng7 {[%clk 1:09:32]}
11. h4 {[%clk 1:17:27]} Nxe5 {[%clk 1:06:04]} 12. dxe5 {[%clk 1:17:38]} Bxe5
{[%clk 1:06:04]} 13. Nf3 {[%clk 1:18:02]} Bd6 {[%clk 0:50:54]} 14. h5
{[%clk 1:09:13]} O-O {[%clk 0:45:52]} 15. hxg6 {[%clk 1:05:34]} hxg6
{[%clk 0:43:47]} 16. Ng5 {[%clk 0:58:04]} d4 {[%clk 0:30:37]} 17. Nh7
{[%clk 0:51:38]} e5 {[%clk 0:22:44]} 18. Bg5 {[%clk 0:48:30]} f6 19. Nxf8
{[%clk 0:39:47]} Qxf8 {[%clk 0:18:12]} 20. Bc4+ {[%clk 0:37:08]} Be6
{[%clk 0:17:10]} 21. Bxe6+ {[%clk 0:35:12]} Nxe6 {[%clk 0:17:39]} 22. Qb3
{[%clk 0:34:43]} Qf7 {[%clk 0:17:14]} 23. Bd2 {[%clk 0:34:54]} Rf8
{[%clk 0:14:16]} 24. cxd4 {[%clk 0:33:13]} Nxd4 {[%clk 0:12:30]} 25. Qh3
{[%clk 0:30:11]} Qc7 {[%clk 0:12:19]} 26. Rc1 {[%clk 0:27:38]} Qd7
{[%clk 0:12:48]} 27. Qh8+ {[%clk 0:09:53]} Kf7 {[%clk 0:13:17]} 28. Qh7+
{[%clk 0:07:11]} Ke6 {[%clk 0:13:24]} 29. Qxd7+ {[%clk 0:04:20]} Kxd7
{[%clk 0:13:16]} 30. Rh7+ {[%clk 0:04:49]} Ke6 {[%clk 0:12:31]} 31. Be3
{[%clk 0:04:47]} Rb8 {[%clk 0:11:21]} 32. Kd2 {[%clk 0:02:20]} Bb4+
{[%clk 0:09:40]} 33. Kd3 {[%clk 0:02:17]} Nc6 {[%clk 0:09:51]} 34. Rch1
{[%clk 0:01:16]} Rd8+ {[%clk 0:09:23]} 35. Kc2 {[%clk 0:01:03]} Be7
{[%clk 0:08:40]} 36. Rh8 {[%clk 0:01:08]} Rd7 {[%clk 0:07:53]} 37. a3
{[%clk 0:01:26]} b5 {[%clk 0:03:44]} 38. R8h6 {[%clk 0:01:03]} b4
{[%clk 0:03:14]} 39. Rd1 {[%clk 0:00:38]} Rb7 {[%clk 0:02:27]} 40. axb4
{[%clk 0:30:40]} Nxb4+ {[%clk 0:32:48]} 41. Kb1 {[%clk 0:30:13]} Nd5
{[%clk 0:30:11]} 42. Ka2 {[%clk 0:27:35]} Nb4+ {[%clk 0:24:09]} 43. Kb1
{[%clk 0:26:39]} Nd5 {[%clk 0:24:29]} 44. Ka2 {[%clk 0:24:53]} Nb4+
{[%clk 0:22:17]} 45. Ka1 {[%clk 0:14:11]} Nc2+ {[%clk 0:21:52]} 46. Kb1
{[%clk 0:14:24]} Nxe3 {[%clk 0:21:43]} 47. fxe3 {[%clk 0:14:49]} g5
{[%clk 0:22:04]} 48. e4 {[%clk 0:12:24]} Rb3 {[%clk 0:19:26]} 49. Rhh1
{[%clk 0:09:52]} Re3 {[%clk 0:09:41]} 50. Rde1 {[%clk 0:08:51]} Rg3
{[%clk 0:08:58]} 51. Rhg1 {[%clk 0:09:15]} Rb3 {[%clk 0:09:05]} 52. Rc1
{[%clk 0:08:59]} Rb6 {[%clk 0:07:12]} 53. Rc4 {[%clk 0:08:30]} Bd6
{[%clk 0:06:50]} 54. Kc2 {[%clk 0:07:52]} a5 {[%clk 0:07:04]} 55. Rd1
{[%clk 0:07:50]} Bb4 {[%clk 0:06:42]} 56. Rd8 {[%clk 0:06:46]} Ke7
{[%clk 0:05:42]} 57. Rdc8 {[%clk 0:05:57]} Kd7 {[%clk 0:05:56]} 58. R4c7+
{[%clk 0:05:56]} Kd6 {[%clk 0:06:24]} 59. Rf7 {[%clk 0:04:57]} Ke6
{[%clk 0:06:42]} 60. Rfc7 {[%clk 0:04:50]} Kd6 {[%clk 0:07:05]} 61. Kd1
{[%clk 0:04:43]} a4 {[%clk 0:06:18]} 62. Ra7 {[%clk 0:04:43]} Bc5
{[%clk 0:06:18]} 63. Rxa4 {[%clk 0:03:13]} Rxb2 {[%clk 0:06:43]} 64. Ra6+
{[%clk 0:03:36]} Bb6 {[%clk 0:07:06]} 65. Rf8 {[%clk 0:03:41]} Rb4
{[%clk 0:01:57]} 66. Rxf6+ {[%clk 0:03:51]} Kc7 {[%clk 0:02:26]} 67. Rg6
{[%clk 0:03:12]} Kb7 {[%clk 0:02:29]} 68. Ra3 {[%clk 0:00:53]} Bg1
{[%clk 0:01:09]} 69. Rf3 {[%clk 0:00:48]} Bb6 {[%clk 0:01:17]} 70. Rxg5
{[%clk 0:00:42]} Rd4+ {[%clk 0:01:37]} 71. Kc2 {[%clk 0:01:04]} Rxe4
{[%clk 0:02:04]} 72. Rb3 {[%clk 0:01:09]} Rc4+ {[%clk 0:02:08]} 73. Kb1
{[%clk 0:01:07]} Ka7 {[%clk 0:01:46]} 74. Rg7+ {[%clk 0:01:18]} Bc7
{[%clk 0:02:12]} 75. Kb2 {[%clk 0:01:02]} Ka8 {[%clk 0:02:16]} 76. Rc3
{[%clk 0:01:17]} Rb4+ {[%clk 0:02:42]} 77. Rb3 {[%clk 0:01:07]} Rc4
{[%clk 0:03:06]} 78. Rc3 {[%clk 0:00:55]} Rb4+ {[%clk 0:03:31]} 79. Kc2
{[%clk 0:01:16]} Bd6 {[%clk 0:03:46]} 80. Rc8+ {[%clk 0:01:36]} Bb8
{[%clk 0:04:12]} 81. Rgg8 {[%clk 0:01:28]} Ka7 {[%clk 0:04:37]} 82. Rxb8
{[%clk 0:01:29]} 1-0

[Event "Team men PL final"]
[Site "Sochi"]
[Date "2018.05.08"]
[Round "7.25"]
[White "Sarana, Alexey"]
[Black "Khismatullin, Denis"]
[Result "1/2-1/2"]
[BlackElo "2632"]
[WhiteElo "2587"]
[LiveChessVersion "1.4.8"]

1. e4 {[%clk 1:30:56]} d6 {[%clk 1:26:30]} 2. d4 {[%clk 1:31:09]} Nf6
{[%clk 1:26:56]} 3. Nc3 {[%clk 1:31:29]} e5 {[%clk 1:27:23]} 4. dxe5
{[%clk 1:30:12]} dxe5 {[%clk 1:26:33]} 5. Qxd8+ {[%clk 1:30:38]} Kxd8
{[%clk 1:26:58]} 6. Bc4 {[%clk 1:31:03]} Ke8 {[%clk 1:27:05]} 7. f4
{[%clk 1:31:28]} Bb4 {[%clk 1:22:45]} 8. Bd3 {[%clk 1:31:53]} Nc6
{[%clk 1:12:17]} 9. Nf3 {[%clk 1:32:17]} Bg4 {[%clk 0:59:18]} 10. fxe5
{[%clk 1:32:24]} Nd7 {[%clk 0:59:40]} 11. Bf4 {[%clk 1:32:44]} Bxf3
{[%clk 0:58:28]} 12. gxf3 {[%clk 1:33:09]} Ncxe5 {[%clk 0:56:11]} 13. Be2
{[%clk 1:29:56]} f6 {[%clk 0:46:34]} 14. Bd2 {[%clk 1:24:04]} Ng6
{[%clk 0:40:07]} 15. h4 {[%clk 1:14:43]} Bd6 {[%clk 0:33:57]} 16. h5
{[%clk 1:07:20]} Nf4 {[%clk 0:34:01]} 17. Bf1 {[%clk 1:07:43]} c6
{[%clk 0:27:07]} 18. O-O-O {[%clk 0:57:34]} Ke7 {[%clk 0:24:36]} 19. Be3
{[%clk 0:57:48]} Bc7 {[%clk 0:23:14]} 20. Rh4 {[%clk 0:51:56]} Ne6
{[%clk 0:19:32]} 21. Bc4 {[%clk 0:44:56]} Ne5 {[%clk 0:16:50]} 22. Bxe6
{[%clk 0:43:15]} Kxe6 {[%clk 0:17:13]} 23. f4 {[%clk 0:43:41]} Nc4
{[%clk 0:16:11]} 24. f5+ {[%clk 0:39:05]} Ke7 {[%clk 0:15:50]} 25. Bc5+
{[%clk 0:39:27]} Ke8 {[%clk 0:14:15]} 26. Ne2 {[%clk 0:35:28]} Bb6
{[%clk 0:11:56]} 27. b4 {[%clk 0:31:57]} Ne5 {[%clk 0:07:47]} 28. Nf4
{[%clk 0:31:23]} Kf7 {[%clk 0:08:03]} 29. Ne6 {[%clk 0:30:58]} g5
{[%clk 0:02:23]} 30. hxg6+ {[%clk 0:31:23]} hxg6 {[%clk 0:02:48]} 31. Rxh8
{[%clk 0:22:47]} Rxh8 {[%clk 0:03:16]} 32. Bxb6 {[%clk 0:23:12]} axb6
{[%clk 0:03:42]} 33. Nd8+ {[%clk 0:23:39]} Kg7 {[%clk 0:03:39]} 34. fxg6
{[%clk 0:24:00]} Rh4 {[%clk 0:02:43]} 35. Rd4 {[%clk 0:20:41]} Kxg6
{[%clk 0:01:48]} 36. Nxb7 {[%clk 0:21:06]} Nf3 {[%clk 0:01:41]} 37. Rd3
{[%clk 0:10:31]} Ne5 {[%clk 0:01:57]} 38. Rg3+ {[%clk 0:10:04]} Kf7
{[%clk 0:01:50]} 39. a4 {[%clk 0:10:18]} Nc4 {[%clk 0:01:04]} 40. Kb1
{[%clk 0:40:55]} Rxe4 {[%clk 0:31:17]} 41. a5 {[%clk 0:37:24]} bxa5
{[%clk 0:27:21]} 42. bxa5 {[%clk 0:37:39]} Re8 {[%clk 0:22:03]} 43. a6
{[%clk 0:31:41]} Ra8 {[%clk 0:21:14]} 44. Nc5 {[%clk 0:32:03]} Ke7
{[%clk 0:17:41]} 45. Rd3 {[%clk 0:30:48]} Nb6 {[%clk 0:14:04]} 46. Kb2
{[%clk 0:29:58]} f5 {[%clk 0:11:02]} 47. Kb3 {[%clk 0:28:47]} f4 {[%clk 0:11:02]}
48. c4 {[%clk 0:26:33]} Rf8 {[%clk 0:09:18]} 49. Kb4 {[%clk 0:24:13]} f3
{[%clk 0:05:31]} 50. Re3+ {[%clk 0:24:32]} Kd6 {[%clk 0:05:50]} 51. Re6+
{[%clk 0:23:41]} Kc7 {[%clk 0:06:15]} 52. Re7+ {[%clk 0:24:09]} Kd8
{[%clk 0:02:03]} 53. Rb7 {[%clk 0:20:33]} f2 {[%clk 0:02:04]} 54. Ne6+
{[%clk 0:19:08]} Kc8 {[%clk 0:02:13]} 55. Rc7+ {[%clk 0:18:55]} Kb8
{[%clk 0:02:32]} 56. Rb7+ {[%clk 0:19:12]} 1/2-1/2